| 000 | 00565nam a2200193 a 4500 | ||
|---|---|---|---|
| 001 | 000024096 | ||
| 005 | 20200930022720.0 | ||
| 008 | 110118s1970 ve c r 000 0 spa d | ||
| 040 |
_aDO-SdBNP _bspa _cBNPHU |
||
| 082 |
_axxxxx _bS228a |
||
| 100 | 1 |
_aSanoja, Sonia _949500 |
|
| 245 | 1 | 0 |
_aA través de la danza / _cSonia Sanoja ; prólogo Roberto Guevara. |
| 260 |
_aCaracas : _bMonte Avia, _c1970. |
||
| 300 |
_a125 p. : _bretrs. ; _c17.5 cm. |
||
| 490 | 1 | _aContinente | |
| 700 | 1 |
_aGuevara, Roberto, _epról. _949501 |
|
| 830 | 0 |
_aContinente _95070 |
|
| 049 | _aBNGR | ||
| 999 |
_c23591 _d23591 |
||